000 00974nam a22003257a 4500
001 BR9210141
003 BR-BrBNA
005 20230928093733.0
007 ta
008 230509b bl.||||| |||| 00| 0 por d
040 _aBR-BrBNA
_bpor
_cBiblioteca Nacional de Agricultura
041 _a(Por)
072 _aL01
_b7110
090 _ 7110 BR9210141
100 1 _aTrevisan, M.D.P.
100 1 _aTrevisan, M.
100 1 _aVidal, R.
110 1 _aFaculdade de Ciencias de Barretos, SP (Brasil)
_94481
110 1 _aSecretaria Nacional de Producao Agropecuaria, Brasilia, DF (Brasil)
_99224
245 1 _aOs produtos das abelhas; nocoes informativas sobre os produtos das abelhas, seus usos como alimento e para fins terapeuticos
260 3 _aBrasilia, DF (Brasil):
_c1981.
300 _a24 p.
500 _a20 ref.
650 _aAbelha
650 _aMel
650 _aCera
650 _aPolinizacao
909 _a202309
_bLucia
_c55
_dLucia Elande
942 _cBK
999 _c46801
_d46801